[Event "Open A Befana"]
[Site "Milano ITA"]
[Date "2012.01.07"]
[Round "7"]
[White "Vezzosi, Paolo"]
[Black "Zufic, Miroslav"]
[Result "0-1"]
[WhiteElo "2282"]
[BlackElo "2427"]
[PlyCount "66"]
[EventDate "2012.01.02"]

1. c4 e5 2. g3 Nf6 3. Bg2 d5 4. cxd5 Nxd5 5. Nc3 Nb6 6. Nf3 Nc6 7. O-O Be7 8.
Rb1 O-O 9. b4 e4 10. Nxe4 Nxb4 11. a3 N4d5 12. Qc2 Kh8 13. d3 f5 14. Rd1 c6 15.
Bb2 Nd7 16. Ned2 f4 17. Ne4 Qe8 18. Re1 Qh5 19. e3 fxe3 20. fxe3 N7f6 21. Ne5
Qh6 22. Qe2 Be6 23. Nf2 Nb6 24. e4 Nfd7 25. Nxd7 Bxd7 26. Ng4 Qe6 27. Ne3 Bf6
28. d4 Rae8 29. Qh5 Nc4 30. d5 cxd5 31. exd5 Qb6 32. Bxf6 Qxf6 33. Nxc4 Rxe1+
0-1

[Event "Open A Befana"]
[Site "Milano ITA"]
[Date "2012.01.08"]
[Round "8"]
[White "Bemporad, Filippo"]
[Black "Vezzosi, Paolo"]
[Result "1/2-1/2"]
[WhiteElo "2055"]
[BlackElo "2282"]
[PlyCount "34"]
[EventDate "2012.01.02"]

1. d4 Nf6 2. Nf3 g6 3. c4 Bg7 4. Nc3 O-O 5. e4 d6 6. Be2 c5 7. O-O Bg4 8. Be3
Bxf3 9. Bxf3 cxd4 10. Bxd4 Nc6 11. Be3 Qa5 12. Qd2 Rfc8 13. Be2 Ne5 14. b3 Neg4
15. Bf4 Ne5 16. Be3 Neg4 17. Bf4 Ne5 1/2-1/2

[Event "Open A Befana"]
[Site "Milano ITA"]
[Date "2012.01.08"]
[Round "8"]
[White "Gongalov, Bojan"]
[Black "Swannie, Douglas"]
[Result "0-1"]
[WhiteElo "2105"]
[BlackElo "1932"]
[PlyCount "46"]
[EventDate "2012.01.02"]

1. Nf3 d5 2. g3 c5 3. Bg2 Nc6 4. d4 e6 5. O-O Nf6 6. c4 Be7 7. cxd5 exd5 8.
dxc5 Bxc5 9. Qc2 Be7 10. Rd1 O-O 11. Be3 Bg4 12. Nd4 Qd7 13. Nc3 Bh3 14. Rac1
Rfe8 15. Nb3 Bxg2 16. Kxg2 Ne5 17. Bf4 Ng6 18. Rd4 Nxf4+ 19. Rxf4 Rac8 20. Qd3
Bd8 21. Rd1 Qc6 22. Nd4 Qb6 23. Qb5 a6 0-1

[Event "Open A Befana"]
[Site "Milano ITA"]
[Date "2012.01.08"]
[Round "8"]
[White "Guzzetti, Luigi Enrico"]
[Black "Cazzaniga, Walter"]
[Result "0-1"]
[WhiteElo "1905"]
[BlackElo "2128"]
[PlyCount "148"]
[EventDate "2012.01.02"]

1. e4 e6 2. d4 d5 3. e5 c5 4. c3 Nc6 5. Nf3 Qb6 6. Be2 cxd4 7. cxd4 Nge7 8. Nc3
Nf5 9. Na4 Qa5+ 10. Kf1 b5 11. Nc3 b4 12. Bb5 Ba6 13. Bxa6 Qxa6+ 14. Ne2 Be7
15. g4 Nh6 16. h3 f6 17. Bxh6 gxh6 18. Qd2 fxe5 19. dxe5 O-O 20. Kg2 Rf7 21.
Ned4 Nxd4 22. Nxd4 Raf8 23. Rhf1 Bg5 24. Qe2 Qb6 25. Rad1 Rf4 26. Qb5 Qxb5 27.
Nxb5 Rc4 28. Nd4 Re8 29. f4 Bd8 30. Nb5 Bb6 31. Rc1 Rxc1 32. Rxc1 Be3 33. Rf1
Re7 34. Kf3 Bxf4 35. Re1 Bg5 36. Nd6 Rc7 37. Re2 a6 38. Ne8 Rc6 39. Kg3 Be7 40.
Nf6+ Bxf6 41. exf6 Kf7 42. Rf2 e5 43. Rf5 Re6 44. h4 d4 45. g5 hxg5 46. hxg5 d3
47. Kf2 Rd6 48. Ke1 d2+ 49. Kd1 Rd5 50. a4 Kf8 51. Rf2 e4 52. Rxd2 Rxg5 53. Rd4
Rg4 54. Rxb4 Kf7 55. Rb7+ Kxf6 56. Rxh7 Ke5 57. b4 Rg6 58. Rb7 Kd4 59. a5 Rg1+
60. Ke2 Rg2+ 61. Kf1 Rb2 62. Rb6 Ke3 63. Rxa6 Rxb4 64. Re6 Rb1+ 65. Kg2 Ra1 66.
a6 Ra4 67. Kf1 Ra5 68. Kg2 Ra1 69. Rb6 Ke2 70. Re6 e3 71. Rb6 Ra2 72. Re6 Ke1+
73. Kf3 e2 74. Re3 Kf1 0-1

[Event "Open A Befana"]
[Site "Milano ITA"]
[Date "2012.01.08"]
[Round "8"]
[White "Martinez, Rolly"]
[Black "Cani, Gazmir"]
[Result "1-0"]
[WhiteElo "2422"]
[BlackElo "2150"]
[PlyCount "63"]
[EventDate "2012.01.02"]

1. e4 e5 2. Nf3 Nf6 3. Nxe5 d6 4. Nf3 Nxe4 5. Nc3 Nxc3 6. dxc3 Be7 7. Bf4 Nc6
8. Qd2 Be6 9. O-O-O Bxa2 10. b3 a5 11. Kb2 a4 12. Kxa2 axb3+ 13. Kxb3 Ra5 14.
Nd4 Qa8 15. Nb5 O-O 16. Rb1 Ra2 17. Kc4 Qa4+ 18. Kd3 Ne5+ 19. Ke3 Ng6 20. Rb4
Qa5 21. Bc4 c5 22. Bxa2 cxb4 23. Bc4 bxc3 24. Qd5 Qb6+ 25. Nd4 Bf6 26. Rd1 Ne7
27. Qb5 Qa7 28. Bxd6 Bxd4+ 29. Rxd4 Nc6 30. Qc5 Qxc5 31. Bxc5 Nxd4 32. Kxd4 1-0

[Event "Open A Befana"]
[Site "Milano ITA"]
[Date "2012.01.08"]
[Round "8"]
[White "Miracola, Massimiliano"]
[Black "Vuelban, Virgilio"]
[Result "0-1"]
[WhiteElo "2084"]
[BlackElo "2347"]
[PlyCount "50"]
[EventDate "2012.01.02"]

1. e4 e6 2. d4 d5 3. Nc3 Nf6 4. e5 Nfd7 5. f4 c5 6. Nf3 Nc6 7. Ne2 Qb6 8. c3 f6
9. a3 Be7 10. h4 cxd4 11. cxd4 O-O 12. Rh3 a5 13. Neg1 Kh8 14. Bd3 fxe5 15.
fxe5 Nxd4 16. Nxd4 Qxd4 17. Nf3 Qg4 18. Qe2 Nc5 19. Bxh7 Rxf3 20. Rxf3 Kxh7 21.
Bg5 Bxg5 22. hxg5 Qxg5 23. Rf8 b6 24. Kf2 Ne4+ 25. Kg1 Ba6 0-1

[Event "Open A Befana"]
[Site "Milano ITA"]
[Date "2012.01.08"]
[Round "8"]
[White "Montani, Francesco"]
[Black "Astengo, Corrado"]
[Result "0-1"]
[WhiteElo "2209"]
[BlackElo "2109"]
[PlyCount "70"]
[EventDate "2012.01.02"]

1. Nf3 d5 2. g3 Nf6 3. Bg2 e6 4. O-O Be7 5. b3 c5 6. c4 Nc6 7. d3 O-O 8. e3
dxc4 9. bxc4 e5 10. Nc3 Bg4 11. h3 Bh5 12. Rb1 Qd7 13. g4 Bg6 14. e4 Rad8 15.
Nd5 Ne8 16. Bb2 f6 17. Nh4 Bf7 18. Nf5 Nd6 19. f4 Nxf5 20. exf5 exf4 21. Rxf4
Bd6 22. Rf2 Bg3 23. Re2 Be5 24. Bxe5 Nxe5 25. Rxb7 Qxb7 26. Nxf6+ gxf6 27. Bxb7
Rxd3 28. Qc1 Rxh3 29. g5 Kh8 30. Bg2 Rg3 31. Kf2 Nd3+ 32. Kxg3 Nxc1 33. Rc2 Nd3
34. gxf6 Rg8+ 35. Kh2 Ne1 0-1

[Event "Open A Befana"]
[Site "Milano ITA"]
[Date "2012.01.08"]
[Round "8"]
[White "Nicolo', Filippo"]
[Black "Bozzali, Ermanno"]
[Result "0-1"]
[WhiteElo "2049"]
[BlackElo "2110"]
[PlyCount "72"]
[EventDate "2012.01.02"]

1. e4 c5 2. Nc3 e6 3. f4 Nc6 4. Nf3 Nge7 5. d3 d5 6. g3 b6 7. Bg2 Bb7 8. O-O
Qd7 9. Qe1 d4 10. Ne2 Nb4 11. Qd1 Nec6 12. a3 Na6 13. f5 e5 14. g4 Nc7 15. Ng3
O-O-O 16. Bd2 f6 17. Qe1 Be7 18. b4 cxb4 19. axb4 Nb5 20. Qb1 Kb8 21. Qb3 Rc8
22. Rfb1 Rc7 23. Qa4 a6 24. Ne2 Rhc8 25. Qb3 Nd8 26. Ne1 Nc6 27. Ra4 Bd6 28.
Rba1 Nca7 29. Kf2 Rc6 30. R4a2 Qe7 31. Rb1 R6c7 32. Nf3 Nc6 33. c4 dxc3 34.
Bxc3 Nxc3 35. Nxc3 Nxb4 36. Nd5 Bxd5 0-1

[Event "Open A Befana"]
[Site "Milano ITA"]
[Date "2012.01.08"]
[Round "8"]
[White "Pelizzola, Danilo"]
[Black "Gonella, Daniele"]
[Result "0-1"]
[WhiteElo "1963"]
[BlackElo "2100"]
[PlyCount "104"]
[EventDate "2012.01.02"]

1. e4 e5 2. Nf3 Nc6 3. Bb5 a6 4. Ba4 b5 5. Bb3 Nf6 6. d3 Bc5 7. Be3 Bxe3 8.
fxe3 d5 9. exd5 Nxd5 10. Qd2 Be6 11. Nc3 h6 12. O-O O-O 13. Rf2 Qd7 14. Raf1
Rae8 15. Bxd5 Bxd5 16. e4 Be6 17. a3 Qe7 18. Ne2 Qc5 19. Qc3 Qxc3 20. Nxc3 f6
21. Nd1 Rd8 22. Ne3 Rf7 23. g4 Ne7 24. Nh4 c6 25. Nef5 c5 26. Rf3 c4 27. Kf2
Nc6 28. Ke2 Rfd7 29. Rg3 Na5 30. Ng2 cxd3+ 31. cxd3 Nb3 32. Rd1 Rc8 33. Ne1 Kf7
34. h4 Rcd8 35. Ke3 Na5 36. Rc1 Rb8 37. b4 Nb3 38. Rc3 Nd4 39. Nf3 Rbd8 40. Nd2
h5 41. Kf2 hxg4 42. Nxd4 Rxd4 43. Re3 g6 44. Rc7+ R8d7 45. Rc3 f5 46. exf5 gxf5
47. Nb3 Bxb3 48. Rxb3 Kf6 49. Rc3 R4d6 50. Rc5 Rd5 51. Rc6+ R7d6 52. Rc8 f4 0-1

[Event "Open A Befana"]
[Site "Milano ITA"]
[Date "2012.01.08"]
[Round "8"]
[White "Petrone, Gianmario"]
[Black "Motola, Jacopo"]
[Result "1/2-1/2"]
[WhiteElo "1933"]
[BlackElo "1945"]
[PlyCount "91"]
[EventDate "2012.01.02"]

1. e4 c5 2. Nf3 d6 3. d4 cxd4 4. Nxd4 Nf6 5. Nc3 g6 6. Be3 Bg7 7. f3 Nc6 8. Qd2
O-O 9. O-O-O Nxd4 10. Bxd4 Be6 11. Kb1 Qc7 12. g4 Rfc8 13. h4 Qa5 14. Nd5 Qxd2
15. Nxf6+ Bxf6 16. Rxd2 Bxd4 17. Rxd4 Rc5 18. g5 Rac8 19. c3 a5 20. Bh3 b5 21.
a3 Rb8 22. f4 Bb3 23. Bg4 b4 24. axb4 axb4 25. Rxb4 Bc2+ 26. Kc1 Rxb4 27. cxb4
Rc7 28. Kd2 Bxe4 29. Rc1 Rb7 30. Rc8+ Kg7 31. Kc3 d5 32. h5 gxh5 33. Bxh5 f6
34. gxf6+ Kxf6 35. Bg4 Rb6 36. Rf8+ Kg7 37. Re8 Kf7 38. Bh5+ Bg6 39. Bxg6+ hxg6
40. Rc8 Ke6 41. Rc5 Kd6 42. Rc8 e5 43. Rg8 exf4 44. Rxg6+ Kc7 45. Rg7+ Kd6 46.
Rg6+ 1/2-1/2

[Event "Open A Befana"]
[Site "Milano ITA"]
[Date "2012.01.08"]
[Round "8"]
[White "Virzi, Ettore"]
[Black "Astengo, Marcello"]
[Result "0-1"]
[WhiteElo "1960"]
[BlackElo "2030"]
[PlyCount "80"]
[EventDate "2012.01.02"]

1. e4 e6 2. d4 d5 3. Nc3 Nf6 4. e5 Ng8 5. Nf3 c5 6. dxc5 Bxc5 7. Bd3 Ne7 8. O-O
Ng6 9. Na4 Be7 10. Re1 Bd7 11. Nc3 a6 12. Ne2 Nc6 13. Nf4 Nxf4 14. Bxf4 g5 15.
Bc1 g4 16. Nd2 h5 17. c4 Qc7 18. cxd5 exd5 19. Nb3 O-O-O 20. Bf4 Be6 21. Rc1
Kb8 22. Re2 Qb6 23. Rec2 Rc8 24. Nc5 Nd4 25. Nxe6 Nxc2 26. Ng7 Nb4 27. Bf5 Rxc1
28. Qxc1 Ka8 29. Nxh5 Rxh5 30. Qc8+ Ka7 31. e6 Qc5 32. Qb8+ Kb6 33. Be3 d4 34.
Be4 Nc6 35. Bxc6 Kxc6 36. b4 Qxb4 37. Qe8+ Kb6 38. Bxd4+ Qxd4 39. g3 Qd1+ 40.
Kg2 Qf3+ 0-1

[Event "Open A Befana"]
[Site "Milano ITA"]
[Date "2012.01.08"]
[Round "8"]
[White "Zufic, Miroslav"]
[Black "Marholev, Dimitar"]
[Result "1/2-1/2"]
[WhiteElo "2427"]
[BlackElo "2370"]
[PlyCount "68"]
[EventDate "2012.01.02"]

1. e4 e5 2. Nf3 Nc6 3. Bb5 a6 4. Ba4 Nf6 5. O-O Be7 6. Re1 b5 7. Bb3 d6 8. c3
O-O 9. h3 Na5 10. Bc2 c5 11. d4 Qc7 12. Nbd2 cxd4 13. cxd4 Bb7 14. d5 Bc8 15.
b3 Bd7 16. Rb1 Rfc8 17. Bd3 Nb7 18. b4 g6 19. Nf1 Ne8 20. g4 Ng7 21. Ng3 Nd8
22. Be3 f6 23. Qe2 Qb7 24. Nd2 Nf7 25. Nb3 Bd8 26. Na5 Qb8 27. Rec1 Rxc1+ 28.
Rxc1 Bb6 29. Nc6 Qb7 30. Qf3 Ne8 31. Kh2 Nd8 32. Na5 Qa7 33. Nf1 Rc8 34. Qd1
Rxc1 1/2-1/2

[Event "Open A Befana"]
[Site "Milano ITA"]
[Date "2012.01.08"]
[Round "9"]
[White "Astengo, Marcello"]
[Black "Miracola, Massimiliano"]
[Result "1-0"]
[WhiteElo "2030"]
[BlackElo "2084"]
[PlyCount "74"]
[EventDate "2012.01.02"]

1. d4 Nf6 2. c4 g6 3. Nc3 Bg7 4. e4 d6 5. f3 O-O 6. Be3 c5 7. Nge2 Nc6 8. d5
Ne5 9. Ng3 h5 10. Be2 h4 11. Nf1 e6 12. h3 exd5 13. cxd5 Nh7 14. Nd2 a6 15. a4
f5 16. O-O Qf6 17. f4 Nd7 18. exf5 gxf5 19. Nf3 Qh6 20. Bd3 Rf7 21. Qd2 Ndf8
22. Rae1 Qf6 23. Ng5 Re7 24. Bf2 Ng6 25. Rxe7 Qxe7 26. Re1 Qf8 27. Ne6 Qf7 28.
Qc2 Ne7 29. Bxh4 Bxc3 30. bxc3 Nxd5 31. Nd8 Qh5 32. Qb3 Be6 33. Rxe6 Qxh4 34.
Qxd5 Kg7 35. Rg6+ Kxg6 36. Qxf5+ Kg7 37. Qg6+ Kh8 1-0

[Event "Open A Befana"]
[Site "Milano ITA"]
[Date "2012.01.08"]
[Round "9"]
[White "Bozzali, Ermanno"]
[Black "Bemporad, Filippo"]
[Result "1-0"]
[WhiteElo "2110"]
[BlackElo "2055"]
[PlyCount "65"]
[EventDate "2012.01.02"]

1. e4 c5 2. Nf3 d6 3. d4 cxd4 4. Nxd4 Nf6 5. Nc3 a6 6. f3 e5 7. Nb3 Be6 8. Be3
Qc7 9. Qd2 Nbd7 10. Qf2 b5 11. O-O-O Be7 12. g4 Nc5 13. Nxc5 dxc5 14. g5 Nd7
15. Nd5 Bxd5 16. exd5 c4 17. f4 c3 18. b3 O-O 19. Bg2 Qd6 20. Kb1 a5 21. f5
Rfc8 22. f6 a4 23. Be4 Nc5 24. Bxc5 Rxc5 25. fxe7 Rc7 26. Rhf1 Rxe7 27. Rd3 b4
28. Bxh7+ Kf8 29. Be4 axb3 30. cxb3 Rea7 31. Rh3 Kg8 32. g6 fxg6 33. Qh4 1-0

[Event "Open A Befana"]
[Site "Milano ITA"]
[Date "2012.01.08"]
[Round "9"]
[White "Cani, Gazmir"]
[Black "Vezzosi, Paolo"]
[Result "0-1"]
[WhiteElo "2150"]
[BlackElo "2282"]
[PlyCount "76"]
[EventDate "2012.01.02"]

1. d4 Nf6 2. Bg5 e6 3. e4 h6 4. Bxf6 Qxf6 5. Nf3 d6 6. Nc3 Nd7 7. Qd2 g6 8. h4
a6 9. O-O-O Bg7 10. Kb1 b6 11. Bd3 Bb7 12. Rhe1 O-O 13. h5 g5 14. e5 Qe7 15.
Qe2 dxe5 16. Nxe5 Rfd8 17. Be4 Bxe4 18. Qxe4 Nxe5 19. dxe5 Rxd1+ 20. Rxd1 Rd8
21. Rxd8+ Qxd8 22. g3 Qd2 23. f4 Qf2 24. Qa8+ Bf8 25. a4 gxf4 26. Ne4 Qe1+ 27.
Ka2 fxg3 28. Nf6+ Kg7 29. Ne8+ Kh8 30. Nf6 Qb4 31. b3 b5 32. Qf3 Bg7 33. axb5
axb5 34. c3 Qe7 35. Ng4 Qg5 36. Qxg3 Qxh5 37. Qf4 Qg5 38. Qd4 c5 0-1

[Event "Open A Befana"]
[Site "Milano ITA"]
[Date "2012.01.08"]
[Round "9"]
[White "Cantu', Guido"]
[Black "Pelizzola, Danilo"]
[Result "0-1"]
[WhiteElo "1914"]
[BlackElo "1963"]
[PlyCount "68"]
[EventDate "2012.01.02"]

1. e4 e5 2. Nf3 Nc6 3. d4 exd4 4. Nxd4 Nf6 5. Nc3 d6 6. Nxc6 bxc6 7. Bd3 g6 8.
Bg5 h6 9. Bh4 Bg7 10. O-O Qd7 11. e5 dxe5 12. Bxf6 Bxf6 13. Qf3 Bg7 14. Rad1
Qe6 15. Nb5 cxb5 16. Qxa8 a6 17. Be4 O-O 18. Qc6 Qxa2 19. b3 Qa5 20. Rd3 Qb4
21. Rfd1 Kh7 22. Qxc7 Qxe4 23. c4 bxc4 24. bxc4 Be6 25. c5 Rc8 26. Qb6 Qc4 27.
Rd6 Bf8 28. Rd8 Bxc5 29. Rxc8 Bxb6 30. Rxc4 Bxc4 31. Rb1 Bd4 32. g3 a5 33. Kg2
a4 34. f4 a3 0-1

[Event "Open A Befana"]
[Site "Milano ITA"]
[Date "2012.01.08"]
[Round "9"]
[White "Cazzaniga, Walter"]
[Black "Doric, Nenad"]
[Result "0-1"]
[WhiteElo "2128"]
[BlackElo "2327"]
[PlyCount "94"]
[EventDate "2012.01.02"]

1. d4 d5 2. c4 c6 3. Nf3 Nf6 4. Nc3 e6 5. Bg5 dxc4 6. e4 b5 7. e5 h6 8. Bh4 g5
9. Nxg5 hxg5 10. Bxg5 Nbd7 11. exf6 Bb7 12. g3 c5 13. d5 Qc7 14. Bg2 b4 15. d6
Qb6 16. Ne4 Bd5 17. O-O O-O-O 18. Qe2 Bxd6 19. a3 b3 20. Rfd1 Be5 21. Rac1 Kb8
22. h4 Bd4 23. Bf4+ e5 24. Bg5 Qa6 25. Nc3 Bxg2 26. Kxg2 Qc6+ 27. f3 Nb6 28.
Ne4 Qe6 29. g4 a6 30. Rd2 Ka7 31. a4 Nxa4 32. Rxc4 Nb6 33. Rc1 c4 34. Ra1 Rc8
35. f4 Rhe8 36. f5 Qc6 37. Kg3 Nd5 38. Qf3 c3 39. Nxc3 Nxc3 40. Qxc6 Rxc6 41.
bxc3 Rxc3+ 42. Kg2 Rec8 43. Bh6 Rc2 44. Rb1 Rxd2+ 45. Bxd2 Rc2 46. Kg3 Bf2+ 47.
Kh3 e4 0-1

[Event "Open A Befana"]
[Site "Milano ITA"]
[Date "2012.01.08"]
[Round "9"]
[White "Fercec, Nenad"]
[Black "Astengo, Corrado"]
[Result "1-0"]
[WhiteElo "2462"]
[BlackElo "2109"]
[PlyCount "81"]
[EventDate "2012.01.02"]

1. e4 c5 2. Nf3 e6 3. d4 cxd4 4. Nxd4 a6 5. Nc3 b5 6. Bd3 Qb6 7. Nf3 Bb7 8. a4
b4 9. a5 Qc7 10. Na4 Nc6 11. Nb6 Rd8 12. Be3 Nf6 13. Nc4 Rc8 14. O-O d5 15.
exd5 Nxd5 16. Ng5 Be7 17. Qh5 Bxg5 18. Bxg5 Nf4 19. Bxf4 Qxf4 20. Rfe1 Nd4 21.
b3 g6 22. Qe5 Qxe5 23. Rxe5 Ke7 24. Ra4 Bc6 25. Rxb4 Bb5 26. Nb6 Rcd8 27. Bxb5
Nxb5 28. g3 Nd4 29. Rc5 Nb5 30. Re4 Rd1+ 31. Kg2 Rhd8 32. c4 Nd6 33. Rc7+ Ke8
34. Re2 Nf5 35. Rb2 R8d2 36. Rxd2 Rxd2 37. c5 Rb2 38. c6 Rxb3 39. Ra7 Rc3 40.
c7 Nd6 41. Ra8+ 1-0

[Event "Open A Befana"]
[Site "Milano ITA"]
[Date "2012.01.08"]
[Round "9"]
[White "Gonella, Daniele"]
[Black "Montani, Francesco"]
[Result "0-1"]
[WhiteElo "2100"]
[BlackElo "2209"]
[PlyCount "68"]
[EventDate "2012.01.02"]

1. e4 e5 2. Nf3 Nc6 3. Bb5 f5 4. Nc3 Nf6 5. d3 Bc5 6. O-O fxe4 7. dxe4 d6 8.
Bg5 O-O 9. Nd5 Kh8 10. Nh4 Nd4 11. Bc4 Ne6 12. Bxf6 gxf6 13. Qh5 Qe8 14. Qxe8
Rxe8 15. Nxf6 Rf8 16. Nd5 c6 17. Nc3 Nd4 18. Bd3 Rf4 19. Nf3 Nxf3+ 20. gxf3 Bh3
21. Rfc1 Rg8+ 22. Kh1 Bg2+ 23. Kg1 Bxf3+ 24. Kf1 Rg2 25. Nd1 Rxh2 26. Ke1 d5
27. Kd2 Bxe4 28. Bxe4 Rxe4 29. Kd3 Bxf2 30. Nxf2 Rxf2 31. Rg1 c5 32. Rac1 b5
33. Rg5 b4 34. b3 Ree2 0-1

[Event "Open A Befana"]
[Site "Milano ITA"]
[Date "2012.01.08"]
[Round "9"]
[White "Motola, Jacopo"]
[Black "Gongalov, Bojan"]
[Result "1-0"]
[WhiteElo "1945"]
[BlackElo "2105"]
[PlyCount "175"]
[EventDate "2012.01.02"]

1. e4 Nf6 2. Nc3 d5 3. exd5 Nxd5 4. Nf3 Nb6 5. d4 Bg4 6. Be2 e6 7. h3 Bh5 8.
Be3 Be7 9. Ne5 Bxe2 10. Qxe2 c6 11. Nc4 Nd5 12. Nxd5 cxd5 13. Ne5 Qb6 14. c3
Nc6 15. Bf4 Bf6 16. Nxc6 Qxc6 17. Be5 Bxe5 18. Qxe5 O-O 19. O-O Rac8 20. Rfe1
a5 21. Re3 Qc7 22. a4 Qb6 23. Rg3 g6 24. Qe2 Rc4 25. Ra3 Qc6 26. Qd1 Rc8 27.
Qb3 b6 28. Re3 Qd6 29. g3 R8c6 30. Ra1 Qd8 31. Qb5 h5 32. Rf1 Qf6 33. Qb3 Qf5
34. Kg2 h4 35. Qd1 Kg7 36. Rf3 Qh5 37. Qd2 Rc7 38. Qf4 g5 39. Qf6+ Kh7 40. gxh4
Qxh4 41. Kh2 Qh6 42. Qe5 f5 43. Rg1 g4 44. Rfg3 Rg7 45. f3 Rg5 46. fxg4 fxg4
47. Qd6 Rh5 48. Qe7+ Kh8 49. Qe8+ Kh7 50. Qf7+ Kh8 51. Rxg4 Rxh3+ 52. Kg2 Rh2+
53. Kf3 Qh3+ 54. R4g3 Qh5+ 55. Qxh5+ Rxh5 56. Rg6 Rc7 57. Rxe6 Rf7+ 58. Ke3 Rh2
59. Rxb6 Rff2 60. Rh6+ Rxh6 61. Kxf2 Rb6 62. Rb1 Kg7 63. b4 Kf6 64. Ke3 Ke6 65.
Kd3 Kd7 66. b5 Rh6 67. Rg1 Rh2 68. Rg7+ Kc8 69. Ra7 Ra2 70. Rxa5 Kb7 71. Ke3
Ra1 72. Ra6 Re1+ 73. Kd2 Re8 74. Rd6 Ra8 75. Rxd5 Rxa4 76. Kc2 Kb6 77. Kb3 Ra1
78. c4 Rb1+ 79. Kc2 Rh1 80. Rd6+ Ka5 81. Re6 Kb4 82. Rc6 Rh2+ 83. Kd3 Rh3+ 84.
Ke4 Rh4+ 85. Ke5 Rh5+ 86. Kd6 Ka5 87. d5 Kb4 88. Kc7 1-0

[Event "Open A Befana"]
[Site "Milano ITA"]
[Date "2012.01.08"]
[Round "9"]
[White "Nepi, Ezio"]
[Black "Virzi, Ettore"]
[Result "1-0"]
[WhiteElo "1934"]
[BlackElo "1960"]
[PlyCount "57"]
[EventDate "2012.01.02"]

1. d4 Nf6 2. Bg5 c5 3. Bxf6 gxf6 4. d5 Qb6 5. Qc1 f5 6. c4 Bg7 7. Nc3 d6 8. g3
Nd7 9. Nf3 Nf6 10. Bg2 Bd7 11. O-O Qb4 12. Nd2 h5 13. a3 Qb6 14. b4 h4 15. Rb1
hxg3 16. hxg3 Nh5 17. e3 a6 18. bxc5 Qxc5 19. Rxb7 Nxg3 20. Re1 Rc8 21. Na4 Qa5
22. Rb4 Ne4 23. Bxe4 fxe4 24. Nb6 Rc7 25. Kf1 Bh3+ 26. Ke2 Bg4+ 27. f3 exf3+
28. Kf2 Qc5 29. Nb3 1-0

[Event "Open A Befana"]
[Site "Milano ITA"]
[Date "2012.01.08"]
[Round "9"]
[White "Nicolo', Filippo"]
[Black "Petrone, Gianmario"]
[Result "1-0"]
[WhiteElo "2049"]
[BlackElo "1933"]
[PlyCount "53"]
[EventDate "2012.01.02"]

1. e4 c5 2. Nc3 d6 3. f4 g6 4. Nf3 Bg7 5. Bc4 Nc6 6. O-O e6 7. d3 Nge7 8. Qe1
Nd4 9. Nxd4 cxd4 10. Ne2 O-O 11. Bb3 Bd7 12. Qf2 Qb6 13. g4 f5 14. gxf5 gxf5
15. Kh1 Kh8 16. Bd2 e5 17. Qh4 Ng6 18. Qh5 Bc6 19. Rf3 fxe4 20. Rh3 h6 21. Qxg6
Rf6 22. Rxh6+ Bxh6 23. Qxf6+ Kh7 24. Qf5+ Kh8 25. dxe4 d3 26. cxd3 Qf2 27. Qh5
1-0

[Event "Open A Befana"]
[Site "Milano ITA"]
[Date "2012.01.08"]
[Round "9"]
[White "Vuelban, Virgilio"]
[Black "Zufic, Miroslav"]
[Result "1/2-1/2"]
[WhiteElo "2347"]
[BlackElo "2427"]
[PlyCount "67"]
[EventDate "2012.01.02"]

1. e4 c5 2. Nf3 d6 3. d4 cxd4 4. Nxd4 Nf6 5. Nc3 a6 6. Bg5 e6 7. f4 Qc7 8. Bxf6
gxf6 9. Qd2 Nc6 10. Nb3 Bd7 11. O-O-O O-O-O 12. Be2 h5 13. Rhf1 Kb8 14. Rf3 Be7
15. Rh3 h4 16. Qe1 d5 17. exd5 Qxf4+ 18. Kb1 Nb4 19. Rd4 Qe5 20. Re4 Qd6 21.
dxe6 Bxe6 22. Rhxh4 Rxh4 23. Rxh4 f5 24. Rd4 Qxh2 25. Rxd8+ Bxd8 26. Bf3 Qd6
27. Qd1 Qxd1+ 28. Nxd1 Bb6 29. a3 Nd5 30. Kc1 Ne3 31. Nxe3 Bxe3+ 32. Kd1 Kc7
33. Ke2 Ba7 34. Kd3 1/2-1/2